000 00956cab a2200253 4500
001 ABS48707
008 090401t1993 xxu||||| |||| 00| 0 eng d
035 _a(Sirsi) u68194
041 _aeng
100 _aEdwards, M.
245 _aSection 54A - what does it all mean?
260 _c1993
350 _a0
490 _aEstates Gazette
_v(9318) 8 May 1993, 122-124(3)
520 _aA detailed consideration of Town and Country Planning Act 1990 s54A which declares that when making decisions under planning acts, attention must be paid to development plans unless `material considerations indicate otherwise`. Looks at the application of section 54a in practice.
650 _aDEVELOPMENT PLANS
650 _aPLANNING AND COMPENSATION ACT 1991 S26
650 _aPLANNING POLICY
650 _aTOWN AND COUNTRY PLANNING ACT 1990 S54A
690 _aPLANNING LAW AND PRACTICE
700 _aGunne-Jones, A.
942 _n0
948 _c04/03/1997
999 _c42762
_d42762